Akta Suruhanjaya Hak Asasi Manusia Malaysia 1999 (Akta 597): (Record no. 4714)
[ view plain ]
| 000 -LEADER | |
|---|---|
| fixed length control field | nam a22 a 4500 |
| 003 - CONTROL NUMBER IDENTIFIER | |
| control field | AKMAL |
| 005 - DATE AND TIME OF LATEST TRANSACTION | |
| control field | 20170731155206.0 |
| 008 - FIXED-LENGTH DATA ELEMENTS--GENERAL INFORMATION | |
| fixed length control field | 170731s2017 my | g l 00| 0 may d |
| 020 ## - INTERNATIONAL STANDARD BOOK NUMBER | |
| Terms of availability | RM24.00 |
| 082 04 - DEWEY DECIMAL CLASSIFICATION NUMBER | |
| Classification number | 342.595085 MAL |
| Edition number | 23 |
| 090 00 - LOCALLY ASSIGNED LC-TYPE CALL NUMBER (OCLC); LOCAL CALL NUMBER (RLIN) | |
| Classification number (OCLC) (R) ; Classification number, CALL (RLIN) (NR) | 342.595085 |
| Local cutter number (OCLC) ; Book number/undivided call number, CALL (RLIN) | MAL |
| 110 1# - MAIN ENTRY--CORPORATE NAME | |
| Corporate name or jurisdiction name as entry element | Malaysia |
| 9 (RLIN) | 400 |
| 245 10 - TITLE STATEMENT | |
| Title | Akta Suruhanjaya Hak Asasi Manusia Malaysia 1999 (Akta 597): |
| Remainder of title | (hingga Februari 2010) / |
| Statement of responsibility, etc. | Disusun oleh, Penasihat Undang-Undang MDC |
| 260 ## - PUBLICATION, DISTRIBUTION, ETC. | |
| Place of publication, distribution, etc. | Kuala Lumpur: |
| Name of publisher, distributor, etc. | MDC Publishers, |
| Date of publication, distribution, etc. | 2017. |
| 300 ## - PHYSICAL DESCRIPTION | |
| Extent | 17ms. ; |
| Dimensions | 27cm. |
| 490 1# - SERIES STATEMENT | |
| Series statement | Undang-undang Malaysia |
| 650 10 - SUBJECT ADDED ENTRY--TOPICAL TERM | |
| Topical term or geographic name entry element | Civil rights |
| Geographic subdivision | Malaysia |
| 9 (RLIN) | 4358 |
| 650 20 - SUBJECT ADDED ENTRY--TOPICAL TERM | |
| Topical term or geographic name entry element | Human rights |
| Geographic subdivision | Malaysia |
| 9 (RLIN) | 4357 |
| 830 #0 - SERIES ADDED ENTRY--UNIFORM TITLE | |
| Uniform title | UNDANG-UNDANG MALAYSIA |
| 9 (RLIN) | 9036 |
| 942 ## - ADDED ENTRY ELEMENTS (KOHA) | |
| Source of classification or shelving scheme | |
| Koha item type | Book |
| 950 ## - LOCAL HOLDINGS (RLIN) | |
| Permanent shelving location, LOC (RLIN) | AKMAL |
| Withdrawn status | Lost status | Source of classification or shelving scheme | Damaged status | Not for loan | Collection code | Home library | Current library | Shelving location | Date acquired | Inventory number | Total Checkouts | Full call number | Barcode | Date last seen | Price effective from | Koha item type |
|---|---|---|---|---|---|---|---|---|---|---|---|---|---|---|---|---|
| NON-FICTION | AKMAL Melaka | AKMAL Melaka | PINJAMAN | 31.07.2017 | 307076 | 342.595085 MAL | 201707358 | 31.07.2017 | 31.07.2017 | Book |
